|
|
|
|
| LEADER |
00000nam a2200000 a 4500 |
| 001 |
200589 |
| 003 |
Ucuenca |
| 005 |
20231021062601.0 |
| 008 |
011061| ||||||||r|||||||||||spa|| |
| 040 |
|
|
|b spa
|a UCuenca-cdrjbv
|c Ucuenca
|e rda
|
| 041 |
0 |
|
|a spa
|
| 082 |
0 |
|
|a 570
|
| 245 |
|
|
|a Texto de biología moderna.
|n Tomo 2 /
|c Carlos Guarderas R. y Alfonso Castro León
|
| 250 |
|
|
|a 5a ed.
|
| 264 |
|
|
|a Quito
|b Su librería
|c 1971
|
| 300 |
|
|
|a 303 páginas:
|b ilu
|c 21 cm
|
| 650 |
|
0 |
|a Biología
|9 2601
|
| 700 |
1 |
|
|a Castro León, Alfonso.
|9 2602
|
| 700 |
1 |
|
|a Guarderas Recalde, Carlos.
|9 2603
|
| 852 |
|
|
|a UC-SALUD
|f Compra
|l 1
|m General
|p 20110615
|q $ 1,00
|t 200589
|b 0
|d CDRS
|e CDRS
|g 574
|z 2011-10-61
|
| 942 |
|
|
|c BK
|2 ddc
|0 1
|
| 999 |
|
|
|c 953
|d 953
|